| 000 | 00924nam a22002537a 4500 | ||
|---|---|---|---|
| 999 |
_c20957 _d20957 |
||
| 003 | AR-CdUCM | ||
| 008 | 190610b ||||| |||| 00| 0 spa d | ||
| 040 |
_aMUNICIPALIDAD PROVINCIAL DEL CUSCO _cBIBLIOTECA MUNICIPAL DEL CUSCO |
||
| 082 |
_a373.4 / _bZ86 |
||
| 100 |
_aZubizarreta G., Armando F. _943726 |
||
| 110 |
_aFondo Educativo Norteamericano _943727 |
||
| 245 |
_aLa aventura del trabajo intelectual : _b( Cómo aprender, estudiar y cómo investigar ) |
||
| 260 |
_aLima : _c1969. |
||
| 300 |
_a184 páginas ; _c22 cm. |
||
| 500 | _a[libro reempastado] | ||
| 505 | _aContenido: La vida intelectual -- El ´proceso de aprendizaje -- Las dificultades en el trabajo intelectual -- La lectur... | ||
| 650 |
_aAprendizaje _92143 |
||
| 650 |
_aTrabajo intelectual _943728 |
||
| 650 |
_aExamen _943729 |
||
| 650 |
_aLa monografia _943730 |
||
| 650 |
_aInvestigación _91940 |
||
| 942 |
_2ddc _cLIBROS |
||
| 945 | _aAndy | ||